00834 2200193 4500245007000000020002200070250001100092100002300103700001800126650003200144650001700176005001900193260003600212041001400248084001000262300002500272500033400297336000900631 aSosok Wirausahawan yang Cinta Tanah AircRani Siti FitrianihText a978-602-8470-17-1 aCet. 1 aRani Siti Fitriani aTim Semiotika aSukses Pribadi dalam Bisnis aWirausahawan a20231004145953 aBandungbMughni Sejahterac2013 aIndonesia a650.1 aiv, 76 hlm. :cilus. aSeorang wirausahawan selalu diharuskan menghadapi resiko atau peluang yang muncul, serta sering dikaitkan dengan tindakan yang kreatif dan inovatif. Selain itu, seorang wirausahawan menjalankan peranan manajerial dalam kegiatannya, tetapi manajemen rutin pada operasi yang sedang berjalan tidak digolongkan sebagai kewirausahaan. atext